[Event "SVK-chT3A2 1819"]
[Site "Slovakia"]
[Date "2018.11.25"]
[Round "4.4"]
[White "Bugar, Peter"]
[Black "Skapikova, Lubica"]
[Result "1/2-1/2"]
[WhiteElo "1979"]
[BlackElo "1899"]
[PlyCount "108"]
[EventDate "2018.10.07"]
[EventType "team-tourn"]
[EventRounds "11"]
[EventCountry "SVK"]
[SourceTitle "EXT 2020"]
[Source "ChessBase"]
[SourceDate "2019.10.17"]
[SourceVersion "1"]
[SourceVersionDate "2019.10.17"]
[SourceQuality "1"]
[WhiteTeam "Dunajska Streda II"]
[BlackTeam "Senica SK"]
[WhiteTeamCountry "SVK"]
[BlackTeamCountry "SVK"]

1. c4 e5 2. g3 Nf6 3. Bg2 d6 4. Nc3 Be7 5. Nf3 0-0 6. 0-0 c6 7. e4 Na6 8. d4 exd4 9. Nxd4 Qc7 10. a3 Nc5 11. b4 Ne6 12. Nf5 Nd8 13. Nxe7+ Qxe7 14. Qd3 Ne6 15. Rd1 Rd8 16. f4 a5 17. Be3 axb4 18. axb4 Rxa1 19. Rxa1 c5 20. b5 b6 21. f5 Nf8 22. Rd1 Ne8 23. Bf4 Bb7 24. e5 Bxg2 25. Kxg2 g5 26. Nd5 Qb7 27. Bxg5 Rd7 28. Kg1 dxe5 29. Qe2 Qb8 30. Bf6 Rxd5 31. Rxd5 Nxf6 32. Rxe5 N8d7 33. Re7 Qd6 34. g4 Qd4+ 35. Kh1 Nxg4 36. Rxd7 Nf2+ 37. Kg2 Qxd7 38. Qxf2 f6 39. Qf4 Kg7 40. Qe4 Qd2+ 41. Kg3 Qd6+ 42. Kh3 Qd7 43. Kg4 Qd1+ 44. Kh4 Qd7 45. Kh5 Qf7+ 46. Kg4 Qd7 47. h4 Qd1+ 48. Qf3 Qd4+ 49. Qf4 Qd1+ 50. Kh3 Qh1+ 51. Kg4 Qd1+ 52. Kg3 Qg1+ 53. Kf3 Qd1+ 54. Ke3 Qe1+ 1/2-1/2

[Event "SVK-chT4 A21 1819"]
[Site "Slovakia"]
[Date "2018.10.14"]
[Round "1.2"]
[White "Blatnicky, Miroslav"]
[Black "Skapikova, Lubica"]
[Result "1-0"]
[WhiteElo "2096"]
[BlackElo "1863"]
[PlyCount "73"]
[EventDate "2018.10.14"]
[EventType "team-tourn"]
[EventRounds "11"]
[EventCountry "SVK"]
[SourceTitle "CBM 189 Extra"]
[Source "ChessBase"]
[SourceDate "2019.06.03"]
[SourceVersion "1"]
[SourceVersionDate "2019.06.03"]
[SourceQuality "1"]
[WhiteTeam "Vrbove"]
[BlackTeam "Brezova pod Bradlom"]
[WhiteTeamCountry "SVK"]
[BlackTeamCountry "SVK"]

1. d4 f5 2. c4 g6 3. Nc3 Bg7 4. e4 fxe4 5. Nxe4 Nf6 6. Nxf6+ exf6 7. Bd3 0-0 8. Ne2 d6 9. 0-0 Nc6 10. Bd2 d5 11. Qc2 Kh8 12. Rac1 dxc4 13. Qxc4 f5 14. Bc3 Re8 15. Bb1 Be6 16. Qd3 Bd5 17. Rfe1 Qg5 18. Qg3 Qxg3 19. hxg3 Be4 20. Bxe4 Rxe4 21. d5 Bxc3 22. Nxc3 Rxe1+ 23. Rxe1 Nb4 24. Re7 Rc8 25. a3 Nd3 26. b4 a6 27. Ne2 Nb2 28. Nf4 Nc4 29. a4 a5 30. bxa5 Nxa5 31. Ne6 Nc4 32. Nxc7 Kg8 33. Ne6 Nb6 34. d6 Rc1+ 35. Kh2 Nc8 36. Rg7+ Kh8 37. d7 1-0

[Event "SVK-chT3A2 1718"]
[Site "Slovakia"]
[Date "2018.01.21"]
[Round "8.6"]
[White "Skapikova, Lubica"]
[Black "Chabada, Tomas"]
[Result "1-0"]
[WhiteElo "1875"]
[BlackElo "1962"]
[PlyCount "61"]
[EventDate "2017.10.08"]
[EventType "team-tourn"]
[EventRounds "11"]
[EventCountry "SVK"]
[SourceTitle "EXT 2020"]
[Source "ChessBase"]
[SourceDate "2019.10.17"]
[SourceVersion "1"]
[SourceVersionDate "2019.10.17"]
[SourceQuality "1"]
[WhiteTeam "Senica SK"]
[BlackTeam "Holic"]
[WhiteTeamCountry "SVK"]
[BlackTeamCountry "SVK"]

1. e4 e5 2. Nf3 Nc6 3. Bb5 a6 4. Ba4 Nf6 5. 0-0 Be7 6. d3 b5 7. Bb3 d6 8. c3 0-0 9. Nbd2 Na5 10. Bc2 c5 11. Re1 Re8 12. Nf1 Bf8 13. Bg5 h6 14. Bd2 Bb7 15. Ng3 g6 16. h3 Bg7 17. Nh2 Nc6 18. f4 d5 19. f5 dxe4 20. dxe4 Ne7 21. Qe2 Qc7 22. Ng4 Kh7 23. Bxh6 Bxh6 24. Nxf6+ Kg7 25. Nxe8+ Rxe8 26. Qg4 Kh7 27. Rad1 Bc8 28. Qh4 Rg8 29. Rf1 gxf5 30. exf5 f6 31. Nh5 1-0

[Event "SVK-chT3A2 1718"]
[Site "Slovakia"]
[Date "2018.01.07"]
[Round "7.1"]
[White "Skapikova, Lubica"]
[Black "Londin, Martin"]
[Result "1/2-1/2"]
[WhiteElo "1875"]
[BlackElo "1945"]
[PlyCount "101"]
[EventDate "2017.10.08"]
[EventType "team-tourn"]
[EventRounds "11"]
[EventCountry "SVK"]
[SourceTitle "EXT 2020"]
[Source "ChessBase"]
[SourceDate "2019.10.17"]
[SourceVersion "1"]
[SourceVersionDate "2019.10.17"]
[SourceQuality "1"]
[WhiteTeam "Senica SK"]
[BlackTeam "Skalica"]
[WhiteTeamCountry "SVK"]
[BlackTeamCountry "SVK"]

1. e4 b6 2. d4 Bb7 3. f3 e6 4. c4 d5 5. cxd5 exd5 6. Nc3 Bb4 7. Qa4+ Nc6 8. Bb5 Bxc3+ 9. bxc3 Nge7 10. e5 0-0 11. Ne2 a6 12. Bd3 Ng6 13. 0-0 Nce7 14. f4 f5 15. exf6 Rxf6 16. f5 Nf8 17. Bg5 Rf7 18. Nf4 Qd7 19. Qxd7 Nxd7 20. g4 Nf6 21. h3 Ne4 22. Bxe4 dxe4 23. Ne6 b5 24. Rfe1 Nd5 25. Nc5 Bc6 26. Nxe4 Re8 27. Rac1 h6 28. Bd2 Nf6 29. Nxf6+ Rxf6 30. Bf4 Rf7 31. Rxe8+ Bxe8 32. Re1 Bc6 33. Re6 Bb7 34. Be5 a5 35. Rg6 Kh7 36. Kf2 Bd5 37. a3 c6 38. Kg3 Rb7 39. Bd6 Bf7 40. Re6 Bxe6 41. fxe6 Kg6 42. Kf4 Kf6 43. e7 Kf7 44. h4 Ra7 45. Kf5 Ra8 46. Ke5 Ra7 47. Bc5 Rd7 48. Bd6 Ra7 49. Kf5 Rd7 50. Ke5 Ra7 51. Kf5 1/2-1/2

[Event "SVK-ch Seniors 50"]
[Site "Tatranske Matliare"]
[Date "2017.06.02"]
[Round "8"]
[White "Breja, Stanislav"]
[Black "Skapikova, Lubica"]
[Result "1/2-1/2"]
[WhiteElo "1945"]
[BlackElo "1855"]
[PlyCount "25"]
[EventDate "2017.05.27"]
[EventType "swiss"]
[EventRounds "9"]
[EventCountry "SVK"]
[SourceTitle "EXT 2023"]
[Source "ChessBase"]
[SourceDate "2022.10.05"]
[SourceVersion "1"]
[SourceVersionDate "2022.10.05"]
[SourceQuality "1"]

1. e4 e5 2. Nf3 Nc6 3. Bb5 a6 4. Bxc6 dxc6 5. Nc3 Bd6 6. d4 Bg4 7. dxe5 Bxf3 8. Qxf3 Bxe5 9. Bf4 Bxf4 10. Qxf4 Nf6 11. 0-0 0-0 12. Rad1 Qe7 13. Rd3 1/2-1/2

[Event "SVK-chT3A2 1617"]
[Site "Slovakia"]
[Date "2017.02.19"]
[Round "9.4"]
[White "Skapikova, Lubica"]
[Black "Podjavorinsky, Michal"]
[Result "0-1"]
[WhiteElo "1877"]
[BlackElo "1886"]
[PlyCount "58"]
[EventDate "2016.10.16"]
[EventType "team-tourn"]
[EventRounds "11"]
[EventCountry "SVK"]
[SourceTitle "EXT 2020"]
[Source "ChessBase"]
[SourceDate "2019.10.17"]
[SourceVersion "1"]
[SourceVersionDate "2019.10.17"]
[SourceQuality "1"]
[WhiteTeam "Senica SK"]
[BlackTeam "Piestany Kupele"]
[WhiteTeamCountry "SVK"]
[BlackTeamCountry "SVK"]

1. e4 Nf6 2. e5 Nd5 3. d4 d6 4. c4 Nb6 5. f4 dxe5 6. fxe5 Nc6 7. Nf3 Bf5 8. Nc3 Nb4 9. Nh4 Nc2+ 10. Kf2 Qd7 11. Be3 Nxa1 12. Qxa1 Bg6 13. Be2 e6 14. g4 Be7 15. g5 f6 16. Nxg6 hxg6 17. Qb1 f5 18. Kg3 0-0-0 19. d5 exd5 20. c5 f4+ 21. Bxf4 Qh3+ 22. Kf2 Bxc5+ 23. Ke1 Rhf8 24. Bg3 Qg2 25. Kd2 d4 26. Ne4 d3 27. Nxc5 dxe2+ 28. Kc3 Rf3+ 29. Kb4 Rd4+ 0-1

[Event "SVK-chT4 A21 1617"]
[Site "Slovakia"]
[Date "2016.12.04"]
[Round "5.3"]
[White "Skapikova, Lubica"]
[Black "Bilovsky, Milan"]
[Result "1/2-1/2"]
[WhiteElo "1896"]
[BlackElo "1936"]
[PlyCount "82"]
[EventDate "2016.10.09"]
[EventType "team-tourn"]
[EventRounds "11"]
[EventCountry "SVK"]
[SourceTitle "EXT 2018"]
[Source "ChessBase"]
[SourceDate "2017.10.13"]
[SourceVersion "1"]
[SourceVersionDate "2017.10.13"]
[SourceQuality "1"]
[WhiteTeam "Brezova pod Bradlom"]
[BlackTeam "Gbely Nafta II"]
[WhiteTeamCountry "SVK"]
[BlackTeamCountry "SVK"]

1. e4 c5 2. Nf3 e6 3. d3 Nc6 4. Be3 Nf6 5. h3 Be7 6. Be2 0-0 7. 0-0 d5 8. exd5 exd5 9. d4 Ne4 10. dxc5 Bxc5 11. Bxc5 Nxc5 12. c3 Re8 13. Re1 Bf5 14. Na3 Ne6 15. Nb5 a6 16. Nbd4 Be4 17. Nxe6 fxe6 18. Qd2 Qf6 19. Ng5 Bf5 20. Nf3 Rad8 21. Nd4 Nxd4 22. cxd4 Rc8 23. Rac1 Rxc1 24. Rxc1 e5 25. Rc5 Qd6 26. b3 b5 27. Bf3 Be4 28. Bg4 exd4 29. Qxd4 Bf5 30. Qxd5+ Qxd5 31. Rxd5 Bxg4 32. hxg4 Re1+ 33. Kh2 Re2 34. a4 bxa4 35. bxa4 Rxf2 36. Rd6 Rf4 37. Rxa6 Rxg4 38. Ra7 h6 39. a5 Ra4 40. Kh3 Kh7 41. Ra6 Ra2 1/2-1/2

[Event "SVK-chT3A2 1617"]
[Site "Slovakia"]
[Date "2016.11.13"]
[Round "3.6"]
[White "Blaho, Stefan"]
[Black "Skapikova, Lubica"]
[Result "1-0"]
[WhiteElo "2014"]
[BlackElo "1877"]
[PlyCount "83"]
[EventDate "2016.10.16"]
[EventType "team-tourn"]
[EventRounds "11"]
[EventCountry "SVK"]
[SourceTitle "EXT 2020"]
[Source "ChessBase"]
[SourceDate "2019.10.17"]
[SourceVersion "1"]
[SourceVersionDate "2019.10.17"]
[SourceQuality "1"]
[WhiteTeam "Dunajska Streda II"]
[BlackTeam "Senica SK"]
[WhiteTeamCountry "SVK"]
[BlackTeamCountry "SVK"]

1. d4 f5 2. Bg5 Nf6 3. Bxf6 exf6 4. e3 d5 5. c4 Bb4+ 6. Nc3 c6 7. Qb3 Bxc3+ 8. bxc3 0-0 9. Bd3 Kh8 10. Ne2 b6 11. cxd5 Qxd5 12. Qxd5 cxd5 13. Nf4 Rd8 14. Rc1 Nc6 15. c4 Nb4 16. Bb1 dxc4 17. Rxc4 Nd5 18. Nxd5 Rxd5 19. Kd2 Be6 20. Rc6 Re8 21. Rhc1 g6 22. R1c3 Rb5 23. Kc1 Ra5 24. a3 Kg7 25. f3 Bd5 26. Rd6 Re7 27. Kd2 Kf7 28. Rxd5 Rxd5 29. Ba2 Ree5 30. e4 fxe4 31. fxe4 Ke7 32. Bxd5 Rg5 33. g3 Rh5 34. h4 f5 35. e5 f4 36. gxf4 Rxh4 37. Ke3 Rh3+ 38. Bf3 h6 39. Rc7+ Kf8 40. e6 g5 41. e7+ Ke8 42. Kf2 1-0

[Event "Oravska Priehrada op"]
[Site "Oravska Priehrada"]
[Date "2016.08.29"]
[Round "6"]
[White "Kantorik, Marian"]
[Black "Skapikova, Lubica"]
[Result "1-0"]
[WhiteElo "2265"]
[BlackElo "1889"]
[PlyCount "107"]
[EventDate "2016.08.26"]
[EventType "swiss"]
[EventRounds "7"]
[EventCountry "SVK"]
[SourceTitle "CBM 174 Extra"]
[Source "ChessBase"]
[SourceDate "2016.10.10"]
[SourceVersion "1"]
[SourceVersionDate "2016.10.10"]
[SourceQuality "1"]

1. d4 d5 2. c4 c6 3. Nf3 Nf6 4. Nc3 e6 5. Bg5 Be7 6. e3 0-0 7. Bd3 dxc4 8. Bxc4 Nd5 9. Bxe7 Qxe7 10. 0-0 Nd7 11. e4 Nxc3 12. bxc3 b5 13. Bd3 e5 14. a4 bxa4 15. Qxa4 Bb7 16. Qa5 exd4 17. cxd4 Nb6 18. Qc3 Qf6 19. Ra5 Rfe8 20. Rfa1 Nc8 21. Ne5 Re7 22. h3 Rc7 23. Rc5 Nb6 24. d5 Nd7 25. Nxd7 Qxc3 26. Rxc3 Rxd7 27. dxc6 Bxc6 28. Rxc6 Rxd3 29. Rxa7 Rf8 30. Rcc7 Rd1+ 31. Kh2 Rd6 32. g4 h6 33. Kg3 Rd3+ 34. f3 Rb3 35. h4 Rb5 36. Re7 Rb6 37. e5 g5 38. Red7 Re6 39. Re7 Rc6 40. hxg5 hxg5 41. Kf2 Rb6 42. Ke3 Rb3+ 43. Ke4 Rb4+ 44. Kf5 Rf4+ 45. Kxg5 Rxf3 46. e6 Rb8 47. Rxf7 Rxf7 48. Rxf7 Rb4 49. Kf5 Rb1 50. g5 Rb5+ 51. Kf6 Rb2 52. Ra7 Rf2+ 53. Kg6 Rf8 54. e7 1-0